|
|
|
|
| LEADER |
01131nam a2200289 a 4500 |
| 001 |
GR-Patra13926 |
| 008 |
001109s1996 enk e 000 0 eng d |
| 020 |
|
|
|a 1858051835
|
| 040 |
|
|
|a GrPaTEI
|b gre
|c GR-PaULI
|
| 040 |
|
|
|a GrPaTEI
|b gre
|c GR-PaULI
|
| 082 |
|
0 |
|a 657.076
|2 21
|
| 245 |
0 |
0 |
|a Quantitative techniques /
|c T. Lucey.
|
| 250 |
|
|
|a 5th ed.
|
| 260 |
|
|
|a London :
|b Letts Educational,
|c c1996
|
| 300 |
|
|
|a vi, 481σ.
|
| 500 |
|
|
|a Περιλαμβάνει ευρετήριο.
|
| 650 |
|
0 |
|a Accounting
|
| 650 |
|
0 |
|a FINANCIAL MATHEMATICS
|
| 650 |
|
4 |
|a ΑΣΚΗΣΕΙΣ
|
| 650 |
|
4 |
|a Λογιστική
|
| 700 |
1 |
|
|a Lucey, T.
|q (Terence)
|
| 710 |
0 |
|
|a Letts educational
|
| 942 |
|
|
|2 ddc
|
| 952 |
|
|
|0 0
|1 0
|2 ddc
|4 0
|6 657_076000000000000_LUC
|7 0
|9 292945
|a LISK
|b LISK
|c BSC
|d 2021-01-17
|e 24
|f 0
|g 0.00
|l 0
|o 657.076 LUC
|p 92410017268
|r 2021-01-17 00:00:00
|t 1
|w 2021-01-17
|y BK15
|x 20001109 0 1
|x GrPaTEI
|
| 952 |
|
|
|0 0
|1 0
|2 ddc
|4 0
|6 657_076000000000000_LUC
|7 0
|9 360550
|a LISK
|b LISK
|c BSC
|d 2022-05-31
|i 70199
|l 0
|o 657.076 LUC
|p 992410070199
|r 2022-05-31 00:00:00
|t 2
|w 2022-05-31
|y BK15
|
| 971 |
|
|
|a .b26614418
|b 15-04-20
|c 23-09-16
|
| 999 |
|
|
|c 171230
|d 171230
|